000 00733cam a22002417a 4500
001 45157
003 BD-RjUL
005 20211209053954.0
008 160724s1958 ii k 000 0 eng
035 _a(BD-RjUL)45275
040 _aDLC
_cDLC
_beng
041 _aeng
082 _223
_a334.95491
_bLAB 1958
110 1 _aPakistan.
_9138338
245 1 0 _aLabour code of Pakistan :
_bamended upto 18th April, 1958 /
_cby M Shafi.
250 _a2nd ed.
260 _aKarachi (India) :
_bBureau of Labour Publications,
_c1958.
300 _axx, 1660 p. :
_bill. ;
_c25 cm.
650 0 _aLabor laws and legislation
_zPakistan.
_9138333
700 1 _aShafi, Mohammad,
_d1900-1992.
_9133121
942 _2ddc
_cBK
999 _c45157
_d45157